000 00563nam a2200229Ia 4500
005 20250425162827.0
008 250425s9999 xx 000 0 und d
020 _a9781444330625
041 _aeng
082 _a550.072
_pCOE
100 _aCOE, ANGELA L.
245 0 _aGEOLOGICAL FIELD TECHNIQUES
250 _a1A. ED.
264 _aReino Unido, LONDON
_bWILEY-BLACKWELL
_c2010.
300 _a323
650 _aGEOLOGIA
700 _aARGLES, TOM W.
700 _aROTHERY, DAVID A.
700 _aSPICER, ROBERT A.
942 _c01
010 _a110566
999 _c237257
_d237257